| 000 | 00913nam a2200301 i 4500 | ||
|---|---|---|---|
| 999 |
_c65265 _d65265 |
||
| 001 | 768714001 | ||
| 003 | CO-MdFUSB | ||
| 005 | 20191024111858.0 | ||
| 008 | 190927b2003 sp |||| |||| 00| 0 spa d | ||
| 020 | _a9788426127976 | ||
| 040 |
_aCO-MdFUSB _bspa _cCO-MdFUSB _dCO-MdFUSBC _erda |
||
| 041 |
_aspa _heng |
||
| 082 |
_223 _aG 927 _bB118p |
||
| 100 |
_aBach, Ana Magdalena. _eautor |
||
| 245 | 3 |
_aLa pequeña crónica de Ana Magdalena Bach. _c/ Ana Magdalena Bach ; traducido por Carlos Guerendiain |
|
| 264 | 1 |
_aBarcelona, España : _bJuventud, _c[2003] |
|
| 264 | 4 | _c© 2003 | |
| 300 |
_a186 páginas _c;18 cm |
||
| 336 |
_2rdacontent _atexto _btxt |
||
| 337 |
_2rdamedia _asin mediación _bn |
||
| 338 |
_2rdacarrier _avolumen _bnc |
||
| 490 | _aBiografías. | ||
| 563 | _aRústico | ||
| 650 | 7 |
_9409 _aBiografía |
|
| 700 |
_92580 _aGuerendiain, Carlos. _etraductor |
||
| 942 | _cBK | ||
| 945 | _aJTF-925 | ||